Planeación del desarrollo económico /

Detalles Bibliográficos
Autor principal: Hagen, Everett
Otros Autores: Walinsly, Louis, Wilcos, Clair
Formato: Libro
Publicado: México : Fondo de cultura económica, 1964.
Materias:
Etiquetas: Agregar Etiqueta
Sin Etiquetas, Sea el primero en etiquetar este registro!

MARC

LEADER 00000nam a22000004a 4500
001 AR-BbUGT1731
003 AR-BbUGT
005 20181220001558.0
007 ta
008 061101t1964 |||ad |0|||0| d
040 |a AR-BbUGT  |b spa  |c AR-BbUGT 
082 0 4 |a 338.9 
100 1 |a Hagen, Everett. 
245 1 0 |a Planeación del desarrollo económico /   |c Everett Hagen ; Louis Walinsly ; Clair Wilcos. 
260 |a México :   |b Fondo de cultura económica,   |c 1964. 
300 |a 460 p. :   |b il., tablas 
504 |a Bibliografía al final de cada capítulo. 
653 |a Economia 
653 |a Desarrollo 
700 1 |a Walinsly, Louis. 
700 1 |a Wilcos, Clair. 
942 |c BK  |h 338.9  |i H122  |m D  |2 ddc  |6 338_900000000000000_H122 
999 |c 9469  |d 9469